| 000 | 06550cam a22020174i 4500 | ||
|---|---|---|---|
| 003 | PE-LiUPU | ||
| 005 | 20250813165515.0 | ||
| 008 | 180220s2017 ag a rb 000 0 spa d | ||
| 020 | _a9875918601 | ||
| 020 | _a9789875918603 | ||
| 035 | _a(Sirsi) a241326 | ||
| 040 |
_aPE-LiUPU _bspa _cPE-LiUPU _erda |
||
| 049 | _aPRUA | ||
| 082 | 0 | 4 |
_a156.2 _bG63 2017 |
| 082 | 0 | 4 |
_a156.2 _bG63 |
| 082 | 0 | 4 |
_a613.83 _bG62 _223 |
| 100 | 1 |
_aGómez, Raúl Ángel, _eautor. |
|
| 245 | 1 | 0 |
_aPsicología de las drogodependencias y las adicciones / _cCompilador Raúl Ángel Gómez. |
| 264 | 1 |
_aArgentina : _bEditorial Brujas, _c2017. |
|
| 300 |
_a257 páginas : _bilustraciones ; _c23 centímetros |
||
| 336 |
_atext _2rdacontent |
||
| 337 |
_aunmediated _2rdamedia |
||
| 338 |
_avolume _2rdacarrier |
||
| 504 | _aBibliografía : página 256-257. | ||
| 505 | 0 | _aIntroducción al campo de las drogodependencias -- Teorías psicológicas de las drogodependencias y las adicciones. Los aportes de la psicología cognitiva -- Los manuales diagnósticos y el consumo problemático de sustancias. El DSM IV-TR y el DSM 5 -- La prevención de los consumos problemáticos y problemas asociados. Conceptos básicos -- Dispositivos terapéuticos para la asistencia de los problemas relacionados al consumo de drogas: La Comunidad Terapéutica como modelo y alternativa para el cambio -- Una mirada a la legisloación argentina -- Drogas y drogodependencias, elementos para una perspectiva histórica compleja -- Cuando los medios de comunicación hablan de drogas -- Nuevas formas de consumo -- Adicciones comportamentales. | |
| 526 | _aP203 | ||
| 526 | _aP200 | ||
| 526 | _aSEG65 | ||
| 526 | _aSEG64 | ||
| 526 | _aSEG63 | ||
| 526 | _aSEG62 | ||
| 526 | _aSEG61 | ||
| 526 | _aSEG60 | ||
| 526 | _aSEG59 | ||
| 526 | _aSEG58 | ||
| 526 | _aSEG57 | ||
| 526 | _aSEG56 | ||
| 526 | _aSEG55 | ||
| 526 | _aSEG54 | ||
| 526 | _aSEG53 | ||
| 526 | _aSEG52 | ||
| 526 | _aSEG51 | ||
| 526 | _aSEG50 | ||
| 526 | _aSEG49 | ||
| 526 | _aSEG48 | ||
| 526 | _aSEG47 | ||
| 526 | _aSEG46 | ||
| 526 | _aSEG24 | ||
| 526 | _aSEG23 | ||
| 526 | _aSEG22 | ||
| 526 | _aSEG21 | ||
| 526 | _aSEG20 | ||
| 526 | _aSEG19 | ||
| 526 | _aSEG18 | ||
| 526 | _aSEG17 | ||
| 526 | _aSEG16 | ||
| 526 | _aSEG14 | ||
| 526 | _aSEG13 | ||
| 526 | _aSEG12 | ||
| 526 | _aSEG11 | ||
| 526 | _aSEG10 | ||
| 526 | _aSEG09 | ||
| 526 | _aSEG06 | ||
| 526 | _aSEG05 | ||
| 526 | _aSEG04 | ||
| 526 | _aSEG03 | ||
| 526 | _aSEG02 | ||
| 526 | _aSEG68 | ||
| 526 | _aSEG66 | ||
| 526 | _aSEG45 | ||
| 526 | _aSEG25 | ||
| 526 | _aSEG01 | ||
| 526 | _aP163 | ||
| 526 | _aP162 | ||
| 526 | _aP161 | ||
| 526 | _aP160 | ||
| 526 | _aP159 | ||
| 526 | _aP158 | ||
| 526 | _aP157 | ||
| 526 | _aP156 | ||
| 526 | _aP155 | ||
| 526 | _aP154 | ||
| 526 | _aP153 | ||
| 526 | _aP152 | ||
| 526 | _aP151 | ||
| 526 | _aP150 | ||
| 526 | _aP149 | ||
| 526 | _aP142 | ||
| 526 | _aP141 | ||
| 526 | _aP140 | ||
| 526 | _aP139 | ||
| 526 | _aP138 | ||
| 526 | _aP137 | ||
| 526 | _aP132 | ||
| 526 | _aP131 | ||
| 526 | _aP130 | ||
| 526 | _aP126 | ||
| 526 | _aP125 | ||
| 526 | _aP124 | ||
| 526 | _aP123 | ||
| 526 | _aP115 | ||
| 526 | _aP122 | ||
| 526 | _aP121 | ||
| 526 | _aP116 | ||
| 526 | _a P114 | ||
| 526 | _aP112 | ||
| 526 | _aP111 | ||
| 526 | _aP104 | ||
| 526 | _aP103 | ||
| 526 | _aP102 | ||
| 526 | _aP101 | ||
| 526 | _aP100 | ||
| 526 | _aP96 | ||
| 526 | _aP95 | ||
| 526 | _aP93 | ||
| 526 | _aP92 | ||
| 526 | _aP91 | ||
| 526 | _aP88 | ||
| 526 | _aP83 | ||
| 526 | _aP82 | ||
| 526 | _aP79 | ||
| 526 | _aP78 | ||
| 526 | _aP75 | ||
| 526 | _aP74 | ||
| 526 | _aP71 | ||
| 526 | _aP69 | ||
| 526 | _a P51 | ||
| 526 | _aP49 | ||
| 526 | _aP48 | ||
| 526 | _aP47 | ||
| 526 | _aP33 | ||
| 526 | _aP31 | ||
| 526 | _a P30 | ||
| 526 | _aP29 | ||
| 526 | _aP27 | ||
| 526 | _aP26 | ||
| 526 | _aP25 | ||
| 526 | _aP24 | ||
| 526 | _a P22 | ||
| 526 | _aP10 | ||
| 526 | _aP09 | ||
| 526 | _a P08 | ||
| 526 | _aP06 | ||
| 526 | _aP05 | ||
| 526 | _aP04 | ||
| 526 | _aP01 | ||
| 541 | _g003-001187; | ||
| 541 | _g002-00000235; | ||
| 541 | _gF002-00000832; | ||
| 541 | _g002-00001572; | ||
| 650 | 0 | 4 | _aAdicciones. |
| 650 | 0 | 4 | _aConsumo de drogas. |
| 650 | 0 | 4 |
_aPsicología. _95567 |
| 700 | 1 |
_aÁngel Gómez, Raúl _ecompilador. |
|
| 910 |
_tqv _d20180220 |
||
| 910 |
_armch _btqv _cjfb _d20190117 |
||
| 910 |
_gvs _d20180824 |
||
| 910 |
_abgr _bksl _cksl _d20190808 |
||
| 942 |
_2ddc _cBOOK |
||
| 949 |
_a156.2 G63 2017 _wDEWEY _c3 _iFJ12363 _lCCODEBUJ1 _mBUJ _p25.00 _r0 _sY _tBOOK _u2019-01-17 _xSALUD _PP33 _0COMPRA _o.STAFF. Colección General Juliaca |
||
| 949 |
_a156.2 G63 2017 _wDEWEY _c1 _iFJ10337 _lCCODEBUJ1 _mBUJ _p25.00 _r0 _sY _tBOOK _u2018-02-20 _xSALUD _PP33 _0COMPRA _o.STAFF. Colección General Juliaca |
||
| 949 |
_a156.2 G63 2017 _wDEWEY _c2 _iFJ10338 _lCCODEBUJ1 _mBUJ _p25.00 _r0 _sY _tBOOK _u2018-02-20 _xSALUD _PP33 _0COMPRA _o.STAFF. Colección General Juliaca |
||
| 949 |
_a156.2 G63 2017 _wDEWEY _c1 _iFT03721 _lCCODEBUT1 _mBUT _p{dólar}80.00 _r0 _sY _tBOOK _u2018-08-24 _xFSALUD _PP33 _0COMPRA _o.STAFF. Colección General Tarapoto |
||
| 994 |
_aC0 _bPEPRU |
||
| 596 | _a1 2 3 | ||
| 999 |
_a156.2 G63 2017 _wDEWEY _c26965 _iFJ10337 _d26965 _e2018-10-1 _f2022-1-17 _g3 _lCCODEBUJ1 _mBUJ _n1 _p25.00 _q2 _r0 _sY _tBOOK _u2018-2-20 _xSALUD _zP33 _0COMPRA _o.STAFF. Colección General Juliaca |
||
| 999 |
_a156.2 G63 2017 _wDEWEY _c2 _iFJ10338 _d2019-11-13 _e2018-9-30 _f2022-1-17 _g3 _lCCODEBUJ1 _mBUJ _n1 _p25.00 _q4 _r0 _sY _tBOOK _u2018-2-20 _xSALUD _zP33 _0COMPRA _o.STAFF. Colección General Juliaca |
||
| 999 |
_a156.2 G63 2017 _wDEWEY _c3 _iFJ12363 _d2019-11-13 _e2019-9-2 _f2022-1-17 _g3 _lCCODEBUJ1 _mBUJ _n1 _p25.00 _q3 _r0 _sY _tBOOK _u2019-1-17 _xSALUD _zP33 _0COMPRA _1FCOMPR2 _2UNKNOWN _o.STAFF. Colección General Juliaca |
||
| 999 |
_a156.2 G63 2017 _wDEWEY _c1 _iFT03721 _f2019-2-20 _g1 _lCCODEBUT1 _mBUT _p80.00 _r0 _sY _tBOOK _u2018-8-24 _xSALUD _zP33 _0COMPRA _o.STAFF. Colección General Tarapoto |
||
| 999 |
_a613.83 G62 _wDEWEY _c1 _i80512 _d2019-11-6 _e2019-11-3 _f2021-11-4 _g3 _lCCODEBUL1 _mBUL _n6 _p20.65 _q1 _r0 _sY _tBOOK _u2019-8-8 _xSALUD _zP33 _0COMPRA _1FCOMPR3 _o.STAFF. Colección Ciencias de la Salud |
||
| 980 |
_81 _gALBERTO SANCHEZ Responsable de Automatización |
||